[Event "SK Münster 3 - SK Bocholt 1"]
[Site "Regionalliga Münsterland 2017"]
[Date "2018.06.02"]
[Round "9.7"]
[White "Tepasse, Wilhelm"]
[Black "Voß, Norbert"]
[Result "1/2-1/2"]
[WhiteElo "1762"]
[BlackElo "1855"]
[PlyCount "28"]
[EventDate "2018.??.??"]
[SourceDate "2017.09.15"]

1. c4 d6 2. Nc3 e5 3. Nf3 f5 4. d3 Nf6 5. Bg5 Be7 6. e4 c6 7. Be2 O-O 8. Qd2
Be6 9. Bd1 Nbd7 10. Bb3 Nc5 11. Bc2 Ncd7 12. Bb3 Nc5 13. Bc2 Ncd7 14. Bb3 Nc5
1/2-1/2

[Event "SK Münster 3 - SK Bocholt 1"]
[Site "Regionalliga Münsterland 2017"]
[Date "2018.06.02"]
[Round "9.8"]
[White "Korth, Daniel"]
[Black "Burike, Christian"]
[Result "1-0"]
[WhiteElo "2138"]
[BlackElo "1677"]
[PlyCount "93"]
[EventDate "2018.??.??"]
[SourceDate "2017.09.15"]

1. d4 d5 2. c4 e6 3. Nf3 Nf6 4. g3 c6 5. Bg2 Bd6 6. O-O O-O 7. Nfd2 Nbd7 8. Nc3
Re8 9. e4 dxe4 10. Ndxe4 Nxe4 11. Nxe4 Be7 12. Bf4 g5 13. Be3 f5 14. Nc3 h6 15.
Qh5 Kg7 16. Rad1 Nf6 17. Qe2 Qc7 18. Qd2 Ng4 19. Kh1 Bd6 20. c5 Be7 21. Bf3
Nxe3 22. Qxe3 Qd8 23. b4 a6 24. Rfe1 g4 25. Bg2 Bg5 26. Qe2 Bd7 27. Na4 h5 28.
f4 Bf6 29. Nb6 Rb8 30. Kg1 Kf7 31. Nc4 Kg7 32. Qe3 h4 33. Re2 hxg3 34. hxg3 Re7
35. Kf2 Be8 36. Ree1 Bf7 37. a4 Qf8 38. Ne5 Bxe5 39. Qxe5+ Kg6 40. d5 cxd5 41.
Bxd5 Rd8 42. Bc4 Rxd1 43. Rxd1 Qh6 44. Bf1 Qh1 45. Qe2 Be8 46. Bg2 Qh2 47. Rh1
1-0

[Event "SC Klein-Berlin Rheine 1 - Schach Nienb"]
[Site "Regionalliga Münsterland 2017"]
[Date "2018.06.02"]
[Round "9.3"]
[White "Gottkehaskamp, Philipp"]
[Black "Langhanke, Günther"]
[Result "1/2-1/2"]
[WhiteElo "2034"]
[BlackElo "1932"]
[PlyCount "68"]
[EventDate "2018.??.??"]
[SourceDate "2017.09.15"]

1. d4 d5 2. Nf3 Nf6 3. c4 e6 4. g3 Bb4+ 5. Bd2 Be7 6. Bg2 c6 7. Qc2 O-O 8. O-O
b6 9. Bg5 Bb7 10. Nbd2 Nbd7 11. Rfd1 h6 12. Bxf6 Nxf6 13. e4 Rc8 14. c5 bxc5
15. dxc5 Nd7 16. b4 a5 17. a3 axb4 18. axb4 Ra8 19. Nb3 Ba6 20. Nfd4 Qc7 21.
exd5 exd5 22. Na5 Ne5 23. f4 Nc4 24. Re1 Nxa5 25. Rxa5 Bf6 26. Nb3 Bc4 27. Rxa8
Rxa8 28. Na5 Rb8 29. Nxc4 dxc4 30. Qxc4 Qd7 31. Bf3 Qd4+ 32. Qxd4 Bxd4+ 33. Kg2
Rxb4 34. Re8+ Kh7 1/2-1/2

[Event "SC Klein-Berlin Rheine 1 - Schach Nienb"]
[Site "Regionalliga Münsterland 2017"]
[Date "2018.06.02"]
[Round "9.4"]
[White "Henneberger, Sven"]
[Black "Althoff, Franz"]
[Result "1/2-1/2"]
[WhiteElo "2049"]
[BlackElo "1991"]
[PlyCount "58"]
[EventDate "2018.??.??"]
[SourceDate "2017.09.15"]

1. d4 Nf6 2. Nf3 e6 3. e3 d5 4. Bd3 c5 5. b3 Bd6 6. Bb2 Nc6 7. Nbd2 O-O 8. O-O
Qe7 9. Ne5 cxd4 10. exd4 Nb4 11. Be2 Ne4 12. a3 Nxd2 13. Qxd2 Nc6 14. Nxc6 bxc6
15. c4 e5 16. dxe5 Bxe5 17. Bxe5 Qxe5 18. Rfe1 Qd6 19. Qd4 Be6 20. c5 Qc7 21.
Bd3 Qd7 22. Re3 Bf5 23. Rg3 g6 24. Re1 Rfe8 25. Rge3 Bxd3 26. Qxd3 Rxe3 27.
Rxe3 d4 28. Re4 Rd8 29. Kf1 Qd5 1/2-1/2

[Event "SC Klein-Berlin Rheine 1 - Schach Nienb"]
[Site "Regionalliga Münsterland 2017"]
[Date "2018.06.02"]
[Round "9.6"]
[White "Kornick, Ulrich"]
[Black "Kemper, Georg"]
[Result "0-1"]
[WhiteElo "1939"]
[BlackElo "2002"]
[PlyCount "58"]
[EventDate "2018.??.??"]
[SourceDate "2017.09.15"]

1. d4 e6 2. c4 f5 3. Nc3 Nf6 4. g3 d5 5. cxd5 exd5 6. Bg5 c6 7. a3 Bd6 8. h4
O-O 9. Nh3 Na6 10. Bg2 Nc7 11. Bf4 Ne6 12. Bxd6 Qxd6 13. e3 Ne4 14. Nf4 Bd7 15.
Nce2 Rae8 16. Qd3 Nxf4 17. Nxf4 Re7 18. Qc2 Be6 19. O-O-O b5 20. f3 Nf6 21. Rd3
Bd7 22. Qc5 Qxc5+ 23. dxc5 Be8 24. Kd2 Nd7 25. Rc1 Ne5 26. Rb3 Bf7 27. Ke2 d4
28. Rb4 Bc4+ 29. Ke1 a5 0-1

[Event "SC Klein-Berlin Rheine 1 - Schach Nienb"]
[Site "Regionalliga Münsterland 2017"]
[Date "2018.06.02"]
[Round "9.8"]
[White "Engfer, Klaus"]
[Black "Melkert, Tim"]
[Result "1/2-1/2"]
[WhiteElo "1595"]
[BlackElo "1912"]
[PlyCount "41"]
[EventDate "2018.??.??"]
[SourceDate "2017.09.15"]

1. e4 e6 2. d4 d5 3. e5 c5 4. Bb5+ Bd7 5. Bxd7+ Nxd7 6. c3 Ne7 7. Nf3 Nc6 8.
O-O Be7 9. Re1 O-O 10. b3 Rc8 11. Ba3 b5 12. Nbd2 Qa5 13. Bb2 cxd4 14. cxd4 Nb4
15. Re2 Nd3 16. Nf1 Nxb2 17. Rxb2 f6 18. Rc2 fxe5 19. dxe5 Rxc2 20. Qxc2 Qb6
21. Rc1 1/2-1/2